Responses for Show #2434 - Thursday, March 16, 1995

Jonathan Groff game 3.

Contestants

[<< previous game]

J.J. Morris, a producer from Venice, California

Jeannette Gmitter, a consumer credit counselor from Beachwood, New Jersey

Jonathan Groff, a writer and actor from New York City, New York (whose 2-day cash winnings total $33,000)

[next game >>]

Jeopardy! Round responses

ANIMALS
BOBs & ROBERTs
TEXAS
HISTORY
BUSINESS & INDUSTRY
FOREIGN WORDS & PHRASES
    $100 16
a lion & a tiger

Jeannette
    $100 20
Bob Hope

Jeannette
    $100 2
the Alamo

Jeannette
    $100 1
the English Channel

Jonathan
    $100 3
Heinz

Jonathan
    $100 25
Merry Christmas

Jonathan
    $200 17
the Komodo dragon

Jeannette
    $200 21
(Bob) Dole

J.J.
    $200 8
LBJ

Jeannette
    $200 4
the Philippines

Jonathan
    $200 12
Johnson & Johnson

Jonathan
    $200 26
son

Jeannette
    $300 18
New Zealand

Jeannette
    $300 22
(Robert) Goddard

Jeannette
    $300 9
Franklin Roosevelt

Jeannette
    $300 5
the Sinai Peninsula

Jonathan
    $300 13
[Alex specifies "CEO" as "chief executive officer".]

John Deere

Jonathan
    $300 28
merci beaucoup

Jeannette
    $400 19
a moth

Jonathan
    $400 23
(Robert) Heinlein

J.J.
    $400 10
Langtry

Triple Stumper
    $400 6
(Jeannette: Who is Napoleon?)

Napoleon III (Louis-Napoleon)

JonathanJeannette
    $1,400 14
North Carolina

Jonathan
    $400 29
the United States

Jeannette
    $500 27
the Galapagos

Jonathan
    $500 24
(J.J.: Who is Balanchine?)

Robert Joffrey

J.J.
Triple Stumper
    $500 11
El Paso

Jonathan
    $500 7
West Germany

Triple Stumper
    $500 15
Electrolux

Jeannette
    $500 30
(Jeannette: What is badminton?)

basketball

JeannetteJ.J.

Scores at the first commercial break (after clue 14):

Jonathan Jeannette J.J.
$3,500 $200 $0

Scores at the end of the Jeopardy! Round:

Jonathan Jeannette J.J.
$4,500 $2,100 $600

Double Jeopardy! Round responses

THE 1300s
SCIENCE
GOVERNMENT & POLITICS
GEOGRAPHY
WOMEN IN MYTHOLOGY
THEATRE
    $200 16
the Bastille

Jeannette
    $200 3
the equator

Jeannette
    $200 15
the State Department

Jonathan
    $200 1
Switzerland

J.J.
    $200 8
the Amazons

Jonathan
    $200 13
(Jonathan: What is the curtain?)

scenery (flats accepted)

JonathanJ.J.
    $400 17
the Canary Islands

Jeannette
    $400 4
a siphon

Jeannette
    $400 25
czar

Jonathan
    $400 2
Portugal

Jeannette
    $400 9
Athena

Jonathan
    $400 14
Richmond

Jonathan
    $600 18
the Decameron

Jeannette
    $600 5
(Jonathan: What is an ebb tide?)

a neap tide

JonathanJeannette
    $600 26
John Glenn

Jonathan
    $600 24
(Alex: We have a minute to go, Jonathan.)

the Netherlands

Triple Stumper
    $600 10
Penelope

J.J.
    $600 21
Cat on a Hot Tin Roof

Jonathan
    $800 19
a poll tax

J.J.
    $800 6
niacin

J.J.
    $800 27
(Mark) Hatfield

Jonathan
    $800 29
(Jeannette: What is the Northwest Territory?)
[Accepted without remark]
[The end-of-round signal sounds.]

the Northwest Territories

Jeannette
    $800 11
Pan

Triple Stumper
    $800 22
Androcles and the Lion

Jonathan
    $1000 20
Timur the Lame (Tamerlane)

Triple Stumper
    $1000 7
a parsec

Jonathan
    $1,500 28
Labor

Jonathan
    $1,200 12
(J.J.: Who is... Ares?)

Nike

J.J.
    $1000 23
Tom Stoppard

Jonathan

Scores at the end of the Double Jeopardy! Round:

Jonathan Jeannette J.J.
$11,600 $5,700 $2,000
(lock game)

[wagering suggestions for these scores]

Final Jeopardy! Round responses

LITERARY QUOTES
[Jonathan thickened the "S" at the end of "Dickens" into the "T" beginning his correct response.]
J.J.Who is Dickens?
$1,999
JeannetteWho is Tennyson?
$0
JonathanWho is DickenThackeray
$100
William Makepeace Thackeray

Final scores:

Jonathan Jeannette J.J.
$11,700 $5,700 $1
3-day champion: $44,700 2nd place: Singer Furniture Company 18th century cherry finish hardwood bedroom set with panel bed, nightstand, chests, & tri-view mirror + Ross Simons china base lamp + the Jeopardy! home game 3rd place: Oneida Silversmiths gift certificate + the Jeopardy! home game

Game dynamics:

Coryat scores:

Jonathan Jeannette J.J.
$10,100 $5,700 $3,200
24 R
(including 2 DDs),
2 W
20 R,
2 W
8 R,
2 W
(including 1 DD)

Combined Coryat: $19,000

[game clues] [game scores] [suggest correction]

Game tape date: 1994-11-30
The J! Archive is created by fans, for fans. Scraping, republication, monetization, and malicious use prohibited; this site may use cookies and collect identifying information. See terms. The Jeopardy! game show and all elements thereof, including but not limited to copyright and trademark thereto, are the property of Jeopardy Productions, Inc. and are protected under law. This website is not affiliated with, sponsored by, or operated by Jeopardy Productions, Inc. Join the discussion at JBoard.tv.